| 000 | nam a22 7a 4500 | ||
|---|---|---|---|
| 999 |
_c330187 _d330187 |
||
| 003 | NUST | ||
| 005 | 20170613112835.0 | ||
| 008 | 170613b xxu||||| |||| 00| 0 eng d | ||
| 020 | _a080537809x | ||
| 040 | _c0 | ||
| 082 | _a576 FUN | ||
| 100 |
_aFunke,Berdell R. _91023 |
||
| 245 |
_aStudy Guide For Microbiology: _bAn introduction |
||
| 250 | _a9th ed. | ||
| 260 |
_aSan Francisco _bPEARSON _c2007 |
||
| 300 | _a309p. | ||
| 500 | _aP.B | ||
| 942 |
_2ddc _cBK _kIESE |
||